<?xml version="1.0" encoding="UTF-8"?>
<record
    xmlns:xsi="http://www.w3.org/2001/XMLSchema-instance"
    xsi:schemaLocation="http://www.loc.gov/MARC21/slim http://www.loc.gov/standards/marcxml/schema/MARC21slim.xsd"
    xmlns="http://www.loc.gov/MARC21/slim">

  <leader>01776nam a22002297a 4500</leader>
  <controlfield tag="003">OSt</controlfield>
  <controlfield tag="005">20260226172631.0</controlfield>
  <controlfield tag="008">260226b           ||||| |||| 00| 0 spa d</controlfield>
  <datafield tag="020" ind1=" " ind2=" ">
    <subfield code="a">9786287779143</subfield>
  </datafield>
  <datafield tag="040" ind1=" " ind2=" ">
    <subfield code="c">CO-Mq BPB</subfield>
  </datafield>
  <datafield tag="041" ind1=" " ind2=" ">
    <subfield code="a">spa</subfield>
  </datafield>
  <datafield tag="082" ind1=" " ind2=" ">
    <subfield code="a">AN</subfield>
    <subfield code="b">MENv</subfield>
  </datafield>
  <datafield tag="100" ind1=" " ind2=" ">
    <subfield code="a">Mendoza, Mario </subfield>
    <subfield code="e">autor</subfield>
  </datafield>
  <datafield tag="245" ind1=" " ind2=" ">
    <subfield code="a">V&#xED;rgenes y toxic&#xF3;manos</subfield>
  </datafield>
  <datafield tag="264" ind1=" " ind2=" ">
    <subfield code="a">Bogot&#xE1;;</subfield>
    <subfield code="b">Planeta,</subfield>
    <subfield code="c">2025</subfield>
  </datafield>
  <datafield tag="300" ind1=" " ind2=" ">
    <subfield code="a">249 p&#xE1;ginas;</subfield>
    <subfield code="b">Tapa dura,</subfield>
    <subfield code="c">23 cm</subfield>
  </datafield>
  <datafield tag="521" ind1=" " ind2=" ">
    <subfield code="a">V&#xED;rgenes y toxic&#xF3;manos es una de las novelas m&#xE1;s aterradoras, desconcertantes y misteriosas escritas por Mario Mendoza.

Anton Echeverry, un padre ejemplar y un profesional comprometido con la defensa de los derechos humanos, sufre una crisis profunda tras la muerte de su esposa en extra&#xF1;as circunstancias. Su mundo se resquebraja y lo &#xFA;nico que logra frenar su ca&#xED;da al abismo es su hijo Mart&#xED;n, un brillante estudiante de Sociolog&#xED;a, que qued&#xF3; discapacitado en un accidente a&#xF1;os atr&#xE1;s. Un d&#xED;a, escucha por casualidad una conversaci&#xF3;n entre el joven y su mejor amigo, un compa&#xF1;ero de universidad, hijo de un pol&#xED;tico, que anda en muletas por una poliomielitis, en la que comentan que ellos son &#x201C;la tristeza de Dios&#x201D;. Afligido por estas palabras, Anton pone en marcha un audaz plan para ayudarlo. Su estrategia impactar&#xE1; la vida de Mart&#xED;n y la de quienes lo rodean m&#xE1;s all&#xE1; de cualquiera de sus expectativas. Un suceso inesperado pondr&#xE1; todo patas arriba e instalar&#xE1; al atribulado padre en la irrealidad y el delirio. En esta historia nada es lo que parece.

Hay muchos mundos, muchos estados. Todos estamos en tr&#xE1;nsito. Nada aparece de la nada y nada desaparece del todo.</subfield>
  </datafield>
  <datafield tag="650" ind1=" " ind2=" ">
    <subfield code="a">Dolor, p&#xE9;rdida y duelo</subfield>
  </datafield>
  <datafield tag="650" ind1=" " ind2=" ">
    <subfield code="a">Amor familiar</subfield>
  </datafield>
  <datafield tag="650" ind1=" " ind2=" ">
    <subfield code="a">Crisis existencial</subfield>
  </datafield>
  <datafield tag="942" ind1=" " ind2=" ">
    <subfield code="2">ddc</subfield>
    <subfield code="c">BKLIT</subfield>
  </datafield>
  <datafield tag="999" ind1=" " ind2=" ">
    <subfield code="c">16133</subfield>
    <subfield code="d">16133</subfield>
  </datafield>
  <datafield tag="952" ind1=" " ind2=" ">
    <subfield code="0">0</subfield>
    <subfield code="1">0</subfield>
    <subfield code="2">ddc</subfield>
    <subfield code="4">0</subfield>
    <subfield code="5">1</subfield>
    <subfield code="7">0</subfield>
    <subfield code="8">LA</subfield>
    <subfield code="a">BPMOS</subfield>
    <subfield code="b">BPMOS</subfield>
    <subfield code="c">FIC</subfield>
    <subfield code="d">2026-02-26</subfield>
    <subfield code="e">Compra 2025</subfield>
    <subfield code="i">NT</subfield>
    <subfield code="l">0</subfield>
    <subfield code="o">AN MENv</subfield>
    <subfield code="p">MOS504657</subfield>
    <subfield code="r">2026-02-26</subfield>
    <subfield code="t">Ej.1</subfield>
    <subfield code="w">2026-02-26</subfield>
    <subfield code="y">BKLIT</subfield>
    <subfield code="z">Quince dias</subfield>
  </datafield>
  <datafield tag="952" ind1=" " ind2=" ">
    <subfield code="0">0</subfield>
    <subfield code="1">0</subfield>
    <subfield code="2">ddc</subfield>
    <subfield code="4">0</subfield>
    <subfield code="5">1</subfield>
    <subfield code="7">0</subfield>
    <subfield code="8">LA</subfield>
    <subfield code="a">BPMOS</subfield>
    <subfield code="b">BPMOS</subfield>
    <subfield code="c">FIC</subfield>
    <subfield code="d">2026-02-26</subfield>
    <subfield code="e">Compra 2025</subfield>
    <subfield code="i">NT</subfield>
    <subfield code="l">0</subfield>
    <subfield code="o">AN MENv</subfield>
    <subfield code="p">MOS504658</subfield>
    <subfield code="r">2026-02-26</subfield>
    <subfield code="t">Ej.2</subfield>
    <subfield code="w">2026-02-26</subfield>
    <subfield code="y">BKLIT</subfield>
    <subfield code="z">Quince dias</subfield>
  </datafield>
</record>
